000
00281nam a2200121Ia 4500
008
190216s9999||||xx |||||||||||||| ||und||
100
_a
Haniw M W
245
0
_a
25 Point Socio Economic Program
260
_b
S Chand & Co
_c
1977
300
_a
148p
650
_a
Economics
942
_c
BK
999
_c
9601
_d
9601